000
00311nam a22001217a 4500
999
_c
163254
_d
163254
082
_a
_b
100
_a
Marquis Curzon of Kedleston
245
_a
British government in India (v.1)/
_c
by Marquis Curzon of Kedleston.
260
_a
New Delhi:
_b
Discover,
_c
1987.
300
_a
257p.
650
_a
942
_c
BK